000
00303nam a22001457a 4500
003
SGT
082
_a
340.1,HOL
100
_a
HOLLAND
245
_a
HOLLAND ON JURISPRUDENCE
250
_a
13TH
260
_a
NEW DELHI
_b
UNIVERSAL BOOK
_c
2014
300
_a
481
650
_a
JURISPRUDENCE
942
_2
ddc
_c
BK
999
_c
9932
_d
9932